000 00521cam a22002171 4500
001 sa 67005332
003 DLC
005 20260227112356.0
008 890912s1965 ii 000 0 kano
010 _asa 67005332
035 _a(OCoLC)20328510
040 _aDLC
_cWaU
_dDLC
042 _apremarc
050 0 0 _aPL4650.5
_b.K7
100 1 _aKrishnarao, A. N.,
_d1908-1971.
245 1 0 _aSajīvasāhitya.
260 _c[1965]
300 _a140 p.
_c19 cm.
500 _aIn Kannada.
650 0 _aKannada literature.
999 _c75123
_d75123